Detalles MARC
| 000 -CABECERA |
| campo de control de longitud fija |
02608nam a2200253 4500 |
| 003 - IDENTIFICADOR DEL NÚMERO DE CONTROL |
| campo de control |
vecauma |
| 005 - FECHA Y HORA DE LA ÚLTIMA TRANSACCIÓN |
| campo de control |
20260421133958.0 |
| 007 - CAMPO FIJO DE DESCRIPCIÓN FÍSICA--INFORMACIÓN GENERAL |
| campo de control de longitud fija |
ta |
| 008 - DATOS DE LONGITUD FIJA--INFORMACIÓN GENERAL |
| campo de control de longitud fija |
260421b ve ||||| |||| 00| 0 spa d |
| 020 ## - ISBN |
| Número Internacional Estándar del Libro |
9684099312 |
| 040 ## - FUENTE DE LA CATALOGACIÓN |
| Centro catalogador/agencia de origen |
vecauma |
| Lengua de catalogación |
spa |
| Centro/agencia transcriptor |
vecauma |
| Centro/agencia modificador |
vecauma |
| Normas de descripción |
rda |
| 041 ## - CÓDIGO DE LENGUA |
| Código de lengua del recurso |
spa |
| 100 1# - AUTOR PERSONAL |
| Término indicativo de función/relación |
autor |
| 245 1# - MENCIÓN DE TÍTULO |
| Título |
Relaciones públicas |
| Resto del título |
Texto que orienta, guía, define, precisa y explica esta actividad fundamental |
| Mención de responsabilidad, etc. |
/ Manuel Alfonso, Carlos Bonilla, Ronald A. Dickins, Jean Domette, Mariano Durán De La Cuesta, Enrique Figueroa Héctor De La Garza, Servando González, César Hernández, Juan Lavalle, Ma. Eugenia Moreno, Juan Sánchez Navarro, Concepción Solana |
| 264 ## - PRODUCCIÓN, PUBLICACIÓN, DISTRIBUCIÓN, FABRICACIÓN Y COPYRIGHT |
| Producción, publicación, distribución, fabricación y copyright |
México: |
| Nombre del de productor, editor, distribuidor, fabricante |
Edamex; |
| Fecha de producción, publicación, distribución, fabricación o copyright |
1997. |
| 300 ## - DESCRIPCIÓN FÍSICA |
| Extensión |
221 páginas. |
| 336 ## - TIPO DE CONTENIDO |
| Término de tipo de contenido |
texto |
| Código de tipo de contenido |
txt |
| Fuente |
rdacontenido |
| 337 ## - TIPO DE MEDIO |
| Nombre/término del tipo de medio |
no mediado |
| Código del tipo de medio |
n |
| Fuente |
rdamedio |
| 338 ## - TIPO DE SOPORTE |
| Nombre/término del tipo de soporte |
volumen |
| Código del tipo de soporte |
nc |
| Fuente |
rdasoporte |
| 505 0# - NOTA DE CONTENIDO CON FORMATO |
| Título |
Perfil de las relaciones públicas |
| Mención de responsabilidad |
/ Juan Lavalle. -- |
| Título |
Las relaciones públicas en acción |
| Mención de responsabilidad |
/ Mariano Durán de la Cuesta. -- |
| Título |
Las relaciones públicas en el campo educacional |
| Mención de responsabilidad |
/ Jean Domette. -- |
| Título |
Las relaciones públicas y la alta gerencia (1965) |
| Mención de responsabilidad |
/ Juan Sánchez Navarro. -- |
| Título |
Relaciones con los medios |
| Mención de responsabilidad |
/ Manuel Alonso Coratella. -- |
| Título |
Las relaciones públicas en el sector gubernamental |
| Mención de responsabilidad |
/ Ma. Eugenia Moreno y Servando González Muñoz. -- |
| Título |
Las relaciones públicas y su importancia en el sector financiero |
| Mención de responsabilidad |
/ Concepción Solana. -- |
| Título |
Turismo y relaciones públicas |
| Mención de responsabilidad |
/ Enrique Figueroa. -- |
| Título |
Relaciones públicas en la industria |
| Mención de responsabilidad |
/ Carlos Bonilla Gutiérrez. -- |
| Título |
El comercio y las relaciones públicas |
| Mención de responsabilidad |
/ Héctor de la Garza Loeb. -- |
| Título |
Relaciones públicas en organismos representativos |
| Mención de responsabilidad |
/ César Hernández Espejo. -- |
| Título |
Las relaciones públicas en organismos no lucrativos |
| Mención de responsabilidad |
/ Ronald A. Dickins Lara. -- |
| 520 3# - SUMARIO, ETC. |
| Sumario, etc. |
Un puñado selecto de profesionales de las relaciones públicas, convocado por la Academia Nacional, redactó el libro que tiene usted en sus manos. El mejor tratado que sobre esta materia se ha escrito en México.<br/><br/>No sólo los estudiantes de Ciencias de la Comunicación, sino cualquier persona que posea una empresa, grande o pequeña, y que desee conocer a fondo la importancia de las relaciones públicas, encontrará en esta obra una guía eficaz.<br/><br/>Las buenas relaciones públicas son fundamentales para la marcha exitosa de cualquier actividad, como la empresarial, y también la profesional y hasta la personal.<br/><br/>EDAMEX se enorgullece de presentar al culto público de habla hispana esta obra trascendente.<br/> |
| 942 #1 - ELEMENTOS DE ENTRADA AGREGADA (KOHA) |
| Fuente del sistema de clasificación o colocación |
Library of Congress Classification |
| Ocultar en OPAC |
No |
| Tipo de ítem Koha |
Libros |